Statistics for Christchurch City Quiz

Click here to take the quiz!

General Stats

  • This quiz has been taken 61 times
  • The average score is 8 of 10

Answer Stats

QuestionAnswer% Correct
Natural Disaster which killed 185 people and destroyed much of the city in 2011Earthquake
100%
The biggest park in ChristchurchHagley Park
94%
Busiest mallWestfield Riccarton
92%
Universty that is located hereUniversity of Canterbury
90%
Main hill range in ChristchurchPort Hills
88%
The main river that flows through the city centre of ChristchurchAvon river
84%
Christchurch's super rugby teamCrusaders
80%
The Maori name for ChristchurchŌtautahi
71%
The mayor (since 2013)Lianne Dalziel
55%
Christchurch's netball teamMainland Tactix
53%

Score Distribution

Percentile by Number Answered

Percent of People with Each Score

Your Score History

You have not taken this quiz